| 000 | 00642cam a22002291 4500 | ||
|---|---|---|---|
| 001 | sa 67001975 | ||
| 003 | DLC | ||
| 005 | 20260227112327.0 | ||
| 008 | 740328s1966 ii k 00000 eng | ||
| 010 | _asa 67001975 //r892 | ||
| 025 | _aPL480:I-E-7406 | ||
| 043 | _aa-ii--- | ||
| 050 | 0 | _aLAW | |
| 082 | _a340 | ||
| 110 | 1 | 0 |
_aIndia. _bDirectorate of Inspection (Research, Statistics & Publication) |
| 245 | 1 | 0 | _aIncome-tax for the layman. |
| 250 | _a6th ed. | ||
| 260 | 0 |
_a[Delhi, _bManager of Publications, _c1966] |
|
| 300 |
_aiv, 314 p. _bforms. _c21 cm. |
||
| 350 | _aRs2.75; $0.99 | ||
| 650 | 0 |
_aIncome tax _zIndia _xPopular works. |
|
| 999 |
_c72975 _d72975 |
||